বিজ্ঞানের দিগন্তে /

書誌詳細
第一著者: আসগর, আলী
フォーマット: 図書
言語:Bengali
出版事項: ঢাকা : আগামী প্রকাশনী, ২০০২
主題:
Classic Catalogue: View this record in Classic Catalogue
LEADER 00846nam a22002297a 4500
001 AAL112
003 BD-DhAAL
005 20160612110354.0
008 160612m20021989bg ||||| |||| 00| 0 ben d
020 |a 9844016745 
040 |a BD-DhAAL  |c BD-DhAAL 
082 |a 500 
100 |a আসগর, আলী   |9 19685 
245 |a বিজ্ঞানের দিগন্তে /  |c আলী আসগর 
260 |a ঢাকা :  |b আগামী প্রকাশনী,   |c ২০০২ 
300 |a ১১২ পৃ. ;  |c ২২ সে.মি. 
541 |e 4412 
650 |a Science.  |9 19686 
852 |a Savar Campus Library  |c General Shelf 
942 |2 ddc  |c BK 
999 |c 37610  |d 37610 
952 |0 0  |1 0  |2 ddc  |4 0  |6 500_000000000000000_ASG  |7 0  |9 59138  |a SCL  |b SCL  |c GEN  |d 2016-06-12  |g 100.00  |l 2  |m 12  |o 500 ASG  |p 3020004412  |r 2020-02-19  |s 2020-01-25  |t 1  |w 2016-06-12  |y BK